000 00864nam0a22002771 4500
001 rc\3010363
005 20250810055914.0
035 _a(NLR Aleph) 007152934
090 _a7170445
_c7170445
100 _a20110923d1944 u y0rusy50 ca
101 0 _arus
102 _aRU
105 _aa g |||||
200 1 _aКраткий справочник по ременно-приводному хозяйству
_fК.В. Щербаков
205 _a2-е изд.
210 _aМосква
_cГизлегпром
_d1944
215 _a48 с.
_cил., черт.
_d21 см
300 _aБез тит. л.
700 1 _aЩербаков
_bК.В.
801 0 _aRU
_bNLR
_gpsbo
801 1 _aRU
_bELAR
_2rusmarc
852 _aNLR
_jТ36 Г-4/229
942 _cBOOK
945 _aРоссийская национальная библиотека
980 _aNB
980 _aBV